000 00710nam a22002057a 4500
003 BD-DhSAU
005 20190225135151.0
008 160509b sw ||||| |||| 001 0 eng d
040 _aBD-DhSAU
082 _222
_a571.92
_bK9645
100 _aKundu, Shilpi
245 _aAn analysis of the influence of land use and selected land cover parameters on the distribution of certain longhorn beetles (Coleoptera: cermbycidae) in sweden /
_bPhd thesis
300 _a1, 66 p. :
_bill. ;
_c30 cm.
500 _aPh.D thesis of University of Swedish University of Agricultural Sciences.
590 _aMd. Sirajul Islam
650 _aInfluence
650 _aLand
650 _aCertain
942 _2ddc
_cPHD
999 _c13295
_d13294